000 00649nam a2200253Ia 4500
001 15547
005 20240113235631.0
007 ta
008 051209s1948 a g b000 u 465 u
040 _aCotton College,Assam
041 _a465
082 _a574
_bEm 61 P
100 _aEmmens, C.W. .
245 0 _aPrinciples of Biological Assay /
_cC.W. Emmens.
_hTextual Documents
250 _a1st ed. /
260 _aLondon :
_bChapman & Hall Ltd. ,
_c1948.
300 _aviii,206p. :
_bill ;
_c21cm .
504 _aIndex
653 _aBiology
653 _aG-Biology
942 _2ddc
_cBK
999 _c15533
_d15533